000 00474nam a2200181Ia 4500
005 20250326140458.0
008 250326s9999 xx 000 0 und d
037 _aTextbook
040 _aFMSL
_beng
_cFMSL
041 _aeng
_2eng
084 _aX.1 M5
_qFMSL
100 _aPachauri R K
245 0 _aPolitical economy of global energy
_cPachauri R K
260 _aNY
_bNY, Oxford
_c1985
300 _a191p
942 _cTB
_hX.1 M5
999 _c1286003
_d1286003